000 00889nam a22002897a 4500
001 BR9605614
003 BR-BrBNA
005 20230928095109.0
007 ta
008 230509b bl.||||| |||| 00| 0 por d
040 _aBR-BrBNA
_bpor
_cBiblioteca Nacional de Agricultura
041 _a(Por)
072 _aF01; F30; H20
_b2120
090 _ 2120 BR9605614
110 1 _aInstituto Brasileiro do Cafe, Rio de Janeiro, RJ (Brasil)
_95880
111 1 _a12. Congresso Brasileiro de Pesquisas Cafeeiras
_cCaxambu, MG (Brazil)
_d28-31 Oct 1985
245 1 _a12. Congresso Brasileiro de Pesquisas Cafeeiras. Trabalhos apresentados
260 3 _aRio de Janeiro, RJ (Brasil):
_c1985.
300 _a234 p.
650 _aCafe
650 _aPlantio
650 _aVariedade Resistente
650 _aFerrugem
650 _aAdubacao
909 _a202309
_bLucia
_c55
_dLucia Elande
942 _cBK
999 _c54504
_d54504